| 000 | 01218nam a2200325Ia 4500 | ||
|---|---|---|---|
| 001 | ebr10288215 | ||
| 003 | CaPaEBR | ||
| 006 | m u | ||
| 007 | cr cn||||||||| | ||
| 008 | 080905s2007 stk sb 001 0 eng d | ||
| 010 | _z 2008396408 | ||
| 020 | _z9780748634101 | ||
| 020 | _z074863410X | ||
| 020 | _z9780748634118 | ||
| 020 | _z0748634118 | ||
| 040 |
_aCaPaEBR _cCaPaEBR |
||
| 035 | _a(OCoLC)609917996 | ||
| 050 | 1 | 4 |
_aPN5359 _b.M45 2007eb |
| 100 | 1 |
_aMellor, Noha, _d1969- |
|
| 245 | 1 | 0 |
_aModern Arab journalism _h[electronic resource] : _bproblems and prospects / _cNoha Mellor. |
| 260 |
_aEdinburgh : _bEdinburgh University Press, _cc2007. |
||
| 300 | _avii, 242 p. | ||
| 504 | _aIncludes bibliographical references (p. [220]-237) and index. | ||
| 533 |
_aElectronic reproduction. _bPalo Alto, Calif. : _cebrary, _d2010. _nAvailable via World Wide Web. _nAccess may be limited to ebrary affiliated libraries. |
||
| 650 | 0 |
_aJournalism _zArab countries. |
|
| 650 | 0 |
_aPress _zArab countries. |
|
| 655 | 7 |
_aElectronic books. _2local |
|
| 710 | 2 | _aebrary, Inc. | |
| 856 | 4 | 0 |
_uhttp://site.ebrary.com/lib/rucke/Doc?id=10288215 _zAn electronic book accessible through the World Wide Web; click to view |
| 999 |
_c929 _d929 |
||